Costituzioni della Pia Società Figlie di San Paolo (Record n. 30501)

Dettagli MARC
000 -LEADER
fixed length control field 00559nam a2200205Ia 4500
003 - CONTROL NUMBER IDENTIFIER
control field IT-RoPAU
005 - DATE AND TIME OF LATEST TRANSACTION
control field 20220918175809.0
008 - FIXED-LENGTH DATA ELEMENTS--GENERAL INFORMATION
fixed length control field 120407s9999 xx 000 0 und d
040 ## - CATALOGING SOURCE
Original cataloging agency IT-RoPAU
Transcribing agency 20140322105355.0
040 ## - CATALOGING SOURCE
Transcribing agency IT-RoPAU
041 ## - LANGUAGE CODE
Language code of text/sound track or separate title ita
100 ## - MAIN ENTRY--PERSONAL NAME
Personal name Figlie di San Paolo
9 (RLIN) 16929
245 ## - TITLE STATEMENT
Title Costituzioni della Pia Società Figlie di San Paolo
260 ## - PUBLICATION, DISTRIBUTION, ETC. (IMPRINT)
Date of publication, distribution, etc. 1953
Place of publication, distribution, etc. Roma
Name of publisher, distributor, etc. Tip. FSP
300 ## - PHYSICAL DESCRIPTION
Extent 253 p.
Dimensions 15 cm
490 ## - SERIES STATEMENT
Series statement Edizioni Paoline
520 ## - SUMMARY, ETC.
Summary, etc. Indice<br/><br/>Fine e membri<br/>Vita e opere<br/>Governo<br/>
942 ## - ADDED ENTRY ELEMENTS (KOHA)
Koha item type LIBRO
Source of classification or shelving scheme Dewey Decimal Classification
Dati di copia
Withdrawn status Lost status Source of classification or shelving scheme Damaged status Not for loan Home library Current library Date acquired Total Checkouts Full call number Date last seen Price effective from Koha item type Public note
    Dewey Decimal Classification Buone Condizioni Not For Loan PAULUS-BIBLIOTECA PAULUS-BIBLIOTECA 11/04/2012   P D3 11/04/2012 11/04/2012 LIBRO  
    Dewey Decimal Classification Buone Condizioni Not For Loan PAULUS-BIBLIOTECA PAULUS-BIBLIOTECA 11/04/2012   P D3 11/04/2012 11/04/2012 LIBRO Inserito da: Sergio In data: 27 settembre 2011 fondo: Via A.Severo 56 Progr:4375
    Dewey Decimal Classification Buone Condizioni Not For Loan PAULUS-BIBLIOTECA PAULUS-BIBLIOTECA 22/03/2014   P D3 22/03/2014 22/03/2014 LIBRO  
CREDITS: SOCIETA' SAN PAOLO Via A.Severo, 58 - ROMA (RM) & PERIODICI SAN PAOLO SRL Via Giotto, 36 MILANO & CISF Via Giotto, 36 MILANO & EDIZIONI SAN PAOLO SRL,  Piazza Soncino, 5 CINISELLO BALSAMO (MI) -- ITALY